000
00320 a2200157 4500
001
60529
020
_a
040
_c
Anchieta - Pituba
100
_a
Muedra, V.
240
1
0
_a
Atlas de anatomia animal
_l
por
245
1
0
_a
Atlas de anatomia animal
300
_a
362
0
_a
1967
650
4
_a
Animal
942
_c
BK
999
_c
60529
_d
60529